000 00969cam a2200313 i 4500
001 768714001
003 CO-MdFUSB
005 20241203150416.0
007 ta
008 241203t1993 -ua||||| |||| 00| 0 spa d
020 _a0-88113-118-0
040 _cCO-MdFUSB
041 0 _aspa
082 0 4 _223
_a235.4
_bW1321o
100 1 _aWagner, C. Pedro (Peter)
_eautor
245 1 0 _aOración de guerra :
_bCómo buscar el poder y la protección de Dios en la lucha por edificar su reino
_c/ C. Peter Wagner ; traducido por Juan Sánchez Araujo
264 1 _bBetania,
_aMiami, FL., USA :
_c[1993]
264 4 _c©1993
300 _a240 páginas
336 _atexto
_btxt
_2rdacontent
337 _2rdamedia
_asin mediación
_bn
338 _2rdacarrier
_avolumen
_bnc
500 _aTítulo original : Warfare prayer
563 _aRustico
653 _aGuerra espiritual
700 _aAraujo Sánchez, Juan
_911162
_eTraductor
942 _cBK
945 _aMiguel
999 _c35001
_d35001